Image intensifiers and systems for the conquest of darkness / (Record no. 183208)
[ view plain ]
| 000 -LEADER | |
|---|---|
| fixed length control field | 00834 a2200169 4500 |
| 003 - CONTROL NUMBER IDENTIFIER | |
| control field | Nust |
| 005 - DATE AND TIME OF LATEST TRANSACTION | |
| control field | 20221017122722.0 |
| 040 ## - CATALOGING SOURCE | |
| Transcribing agency | Nust |
| 082 ## - DEWEY DECIMAL CLASSIFICATION NUMBER | |
| Classification number | 617.712,ABI |
| 100 ## - MAIN ENTRY--PERSONAL NAME | |
| Personal name | Abidi,Hussain Akram Saiyed |
| 9 (RLIN) | 100437 |
| 245 ## - TITLE STATEMENT | |
| Title | Image intensifiers and systems for the conquest of darkness / |
| Statement of responsibility, etc. | Saiyed Akram Hussain Abidi |
| 260 ## - PUBLICATION, DISTRIBUTION, ETC. | |
| Place of publication, distribution, etc. | Islamabad |
| Name of publisher, distributor, etc. | institute of optronics |
| Date of publication, distribution, etc. | 1987 |
| 300 ## - PHYSICAL DESCRIPTION | |
| Extent | 175 p. |
| 505 ## - FORMATTED CONTENTS NOTE | |
| Formatted contents note | General Introduction (Page-3), Evolution of Image Intensifier Technology (Page-11), Light (Page-21), Vision and Visual Perception (Page-41), Optics for Night Vision Systems (Page-51), The Image Intensifier (Page-67), Key Parameters of Image Intensifier Tubes (Page-101), Night Viewing Systems Based on Image Intensification (Page-123), Low Light Level TV Camera (Page-137). |
| 650 ## - SUBJECT ADDED ENTRY--TOPICAL TERM | |
| Topical term or geographic name entry element | Image |
| 9 (RLIN) | 100438 |
| 942 ## - ADDED ENTRY ELEMENTS (KOHA) | |
| Source of classification or shelving scheme | |
| Koha item type | Book |
| Withdrawn status | Lost status | Source of classification or shelving scheme | Damaged status | Not for loan | Permanent Location | Current Location | Shelving location | Date acquired | Full call number | Barcode | Date last seen | Price effective from | Koha item type | Public note |
|---|---|---|---|---|---|---|---|---|---|---|---|---|---|---|
| Military College of Signals (MCS) | Military College of Signals (MCS) | General Stacks | 12/12/2016 | 617.712,ABI | MCS20987 | 12/08/2016 | 12/12/2016 | Book | Almirah No 88, Shelf No 1 | |||||
| Military College of Signals (MCS) | Military College of Signals (MCS) | General Stacks | 12/12/2016 | 617.712,ABI | MCS20988 | 12/08/2016 | 12/12/2016 | Book | Almirah No.26, Shelf No.4 | |||||
| Military College of Signals (MCS) | Military College of Signals (MCS) | General Stacks | 12/12/2016 | 617.712,ABI | MCS20989 | 12/08/2016 | 12/12/2016 | Book | Almirah No 88, Shelf No 1 | |||||
| Military College of Signals (MCS) | Military College of Signals (MCS) | General Stacks | 12/12/2016 | 617.712,ABI | MCS20990 | 12/08/2016 | 12/12/2016 | Book | Almirah No 88, Shelf No 1 |
